Zwischen ideologie und praktischer politik /
Uloženo v:
| Hlavní autor: | |
|---|---|
| Médium: | Text |
| Tagy: |
Přidat tag
Žádné tagy, Buďte první, kdo vytvoří štítek k tomuto záznamu!
|
MARC
| LEADER | 00000 a a2200000 04500 | ||
|---|---|---|---|
| 001 | 47951 | ||
| 003 | |||
| 040 | |||
| 100 | |a Brie, André | ||
| 245 | |a Zwischen ideologie und praktischer politik / |c André Brie | ||
| 773 | |g número10, (2014), páginas 47-50 | ||
| 999 | |c 31780 |d 31780 | ||
